| 000 | 00599cam a22002053a 4500 | ||
|---|---|---|---|
| 001 | 45084 | ||
| 003 | PGUSA | ||
| 005 | 20140828084030.0 | ||
| 008 | 140309s2014||||xxu|||||s|||||000 | eng d | ||
| 040 |
_aPGUSA _beng |
||
| 042 | _adc | ||
| 100 | 1 |
_aCrombie, Jas. _cRev |
|
| 245 | 1 | 0 |
_aNotes on Collecting and Preserving Natural-History Objects _h[electronic resource] / _cJas. Crombie |
| 260 |
_bProject Gutenberg, _c2014 |
||
| 506 | _aPublic domain in the USA. | ||
| 516 | _aElectronic text | ||
| 830 | 0 |
_aProject Gutenberg _v45084 |
|
| 856 | 4 | 0 | _uhttp://www.gutenberg.org/ebooks/45084 |
| 942 | _cEB | ||
| 999 |
_c274335 _d274335 |
||